Особенности организации материально-технического снабжения предприятий нефтегазовой отрасли; Проблемы геологии и освоения недр; Т. 2

Xehetasun bibliografikoak
Parent link:Проблемы геологии и освоения недр: труды XVII Международного симпозиума имени академика М. А. Усова студентов и молодых ученых, Томск, 1-5 апреля 2013 г./ Национальный исследовательский Томский политехнический университет (ТПУ), Институт природных ресурсов (ИПР) ; Общество инженеров-нефтяников, Студенческий чаптер ; под ред. А. Ю. Дмитриева.— , 2013
Т. 2.— 2013.— [С. 778-779]
Egile nagusia: Шевцова А. И.
Erakunde egilea: Национальный исследовательский Томский политехнический университет (ТПУ) Институт природных ресурсов (ИПР) Кафедра экономики природных ресурсов (ЭПР)
Beste egile batzuk: Антошкина А. В. Анна Владимировна (научный руководитель)
Gaia:Заглавие с экрана
Hizkuntza:errusiera
Argitaratua: 2013
Saila:Экономика минерального и углеводородного сырья. Горное право
Gaiak:
Sarrera elektronikoa:http://www.lib.tpu.ru/fulltext/c/2013/C11/V2/381.pdf
Formatua: MixedMaterials Baliabide elektronikoa Liburu kapitulua
KOHA link:https://koha.lib.tpu.ru/cgi-bin/koha/opac-detail.pl?biblionumber=605431

MARC

LEADER 00000naa2a2200000 4500
001 605431
005 20260227162604.0
035 |a (RuTPU)RU\TPU\conf\2733 
035 |a RU\TPU\conf\2731 
090 |a 605431 
100 |a 20140414d2013 k y0rusy50 ca 
101 0 |a rus 
102 |a RU 
135 |a arnn ---uucaa 
181 0 |a i  
182 0 |a b 
200 1 |a Особенности организации материально-технического снабжения предприятий нефтегазовой отрасли  |f А. И. Шевцова  |g науч. рук. А. В. Антошкина 
203 |a Текст  |c электронный 
225 1 |a Экономика минерального и углеводородного сырья. Горное право 
300 |a Заглавие с экрана 
320 |a [Библиогр.: с. 779 (5 назв.)] 
337 |a Adobe Reader 
461 1 |0 (RuTPU)RU\TPU\conf\37  |t Проблемы геологии и освоения недр  |o труды XVII Международного симпозиума имени академика М. А. Усова студентов и молодых ученых, Томск, 1-5 апреля 2013 г.  |o в 2 т.  |f Национальный исследовательский Томский политехнический университет (ТПУ), Институт природных ресурсов (ИПР) ; Общество инженеров-нефтяников, Студенческий чаптер ; под ред. А. Ю. Дмитриева  |d 2013 
463 1 |0 (RuTPU)RU\TPU\conf\39  |t Т. 2  |v [С. 778-779]  |d 2013 
610 1 |a труды учёных ТПУ 
610 1 |a электронный ресурс 
610 1 |a материально-техническое снабжение 
610 1 |a предприятия 
610 1 |a нефтегазовая отрасль 
610 1 |a материально-техническое обеспечение 
610 1 |a функционирование 
700 1 |a Шевцова  |b А. И. 
702 1 |a Антошкина  |b А. В.  |c экономист  |c доцент Томского политехнического университета, кандидат экономических наук  |f 1976-  |g Анна Владимировна  |4 727 
712 0 2 |a Национальный исследовательский Томский политехнический университет (ТПУ)  |b Институт природных ресурсов (ИПР)  |b Кафедра экономики природных ресурсов (ЭПР)  |3 (RuTPU)RU\TPU\col\18668 
801 2 |a RU  |b 63413507  |c 20230316  |g RCR 
856 4 |u http://www.lib.tpu.ru/fulltext/c/2013/C11/V2/381.pdf 
942 |c CF